000
00264nam a2200097Ia 4500
008
200302s9999 xx 000 0 und d
100
_a
Vivian Lei ed.,
245
_a
Inside:Outside Residence
260
_b
Artpower International Publishing Co., Ltd.,
300
_a
436 P.,
999
_c
2882
_d
2882